000 00661nam a2200241Ia 4500
003 OSt
005 20220925221946.0
006 a|||||r|||| 00| 0
007 ta
008 220923b |||||||| |||| 00| 0 eng d
037 _cGeneral Book
040 _aRTL
_cRTL
_beng
041 _2eng
_aeng
082 _aU287, K6
100 _aGriffiths John F
_9256396
245 0 _aApplied climatology
_b An introduction
260 _aLondon
_bOxford University Press
_c1966
300 _ax, 118p
_ccm.
500 _aBibliography: P 112-15
650 _aClimate
942 _hU287, K6
_cGB
_2CC
999 _c575748
_d575748